Southville International School and Colleges
Your cart is empty.
  • Cart
  • Lists
    Public lists list_1 View all
    Your lists Log in to create your own lists
  • Log in to your account
  • Your cookies
  • Search history
Southville International School and Colleges
  • Advanced search
  • Recent comments
  • Most popular
  • Libraries

Log in to your account

Log in with GOOGLE


If you do not have an external account, but do have a local account, you can still log in:

  1. Home
  2. MARC view: An American tail :
Normal view MARC view ISBD view

An American tail : (Record no. 110669)

[ view plain ]
MARC details
000 -LEADER
fixed length control field 00539nam a2200181 a 4500
001 - CONTROL NUMBER
control field 3064
005 - DATE AND TIME OF LATEST TRANSACTION
control field 20140414131901.0
008 - FIXED-LENGTH DATA ELEMENTS--GENERAL INFORMATION
fixed length control field 060131s19uu xx 00 eng d
020 ## - INTERNATIONAL STANDARD BOOK NUMBER
International Standard Book Number 0-448-40210-6
050 ## - LIBRARY OF CONGRESS CALL NUMBER
Classification number FIC
Item number Sw3 1991
100 ## - MAIN ENTRY--PERSONAL NAME
Personal name Swenson, Charles
245 ## - TITLE STATEMENT
Title An American tail :
Statement of responsibility, etc adapted by Cathy E. Dubowski ; story by Charles Swenson.
Remainder of title Fievel goes west /
260 ## - PUBLICATION, DISTRIBUTION, ETC. (IMPRINT)
Place of publication, distribution, etc New York :
Name of publisher, distributor, etc Grosset & Dunlap,
Date of publication, distribution, etc 1991.
300 ## - PHYSICAL DESCRIPTION
Extent 62 p. ; cm.
500 ## - GENERAL NOTE
General note Steven Speilberg presents
650 ## - SUBJECT ADDED ENTRY--TOPICAL TERM
Topical term or geographic name as entry element Mice
General subdivision Fiction.
Holdings
Withdrawn status Lost status Damaged status Use restrictions Home library Current library Shelving location Date acquired Source of acquisition Total Checkouts Full call number Barcode Date last seen Price effective from Koha item type
        Munich Library Munich Library Fiction Section 01/31/2006     FIC Sw3 1991 M1132 04/14/2014 04/14/2014 Books

An American tail :

APA

Swenson C., . (1991). An American tail. New York: Grosset & Dunlap.

Chicago

Swenson Charles, . 1991. An American tail. New York: Grosset & Dunlap.

Harvard

Swenson C., . (1991). An American tail. New York: Grosset & Dunlap.

MLA

Swenson Charles, . An American tail. New York: Grosset & Dunlap. 1991.

  • Place hold
  • Print
  • Cite
  • Add to your cart (remove)
  • Save record
    BIBTEX Dublin Core MARCXML MARC (non-Unicode/MARC-8) MARC (Unicode/UTF-8) MARC (Unicode/UTF-8, Standard) MODS (XML) RIS
  • More searches
    Search for this title in:
    Other Libraries (WorldCat) Other Databases (Google Scholar) Online Stores (Bookfinder.com) Open Library (openlibrary.org)

Exporting to Dublin Core...

SOUTHVILLE LIBRARY

Southville International School and Colleges Library

1281 Tropical Ave. Cor. Luxembourg St., BF Homes International, Las Pinas City

Tel. No. 8256374 / 252358 Loc. 117/146

Powered by Koha